Statistiques concernant Traduire ces mots en italien

Cliquez ici pour prendre le quiz!

Statistiques générales

  • Ce quiz a été pris 28 fois
  • Le résultat moyen est 8 sur 16

Statistiques - réponses

FrançaisItalien% Correct
Une femmeUna donna
86%
Un françaisUn francese
82%
Un artisteUn artista
68%
Un mariUn marito
64%
Un agentun agente
55%
Une épouseUna moglie
50%
Une reineUna regina
50%
Une clienteUna cliente
45%
Une amanteUn'amante
45%
Un journalisteUn giornalista
45%
Une chanteuseUna cantante
36%
Une enseignanteUn'insegnante
32%
Un hypocriteUn ipocrita
32%
Un collègueUn collega
27%
Un psychiatreUno psichiatra
18%
Un meurtrierUn omicida
14%

Distribution des résultats

Percentile par nombre de réponses

% des personnes avec chaque résultat

Votre développement - résultats

Vous n’avez pas pris ce quiz